| 000 | 01295nam a2200361 i 4500 | ||
|---|---|---|---|
| 001 | 13314 | ||
| 003 | KOSZ 005 | ||
| 005 | 20200630132828.0 | ||
| 008 | 070823s1969 pl a f 000 0 pol | ||
| 015 | _aPB 1969/8778 | ||
| 040 |
_aWA N _cWA N _dKOSZ 005/RW |
||
| 041 | 0 |
_apol _brus |
|
| 080 | _a378(438) | ||
| 100 | 1 |
_aKrajewski, Tadeusz. _eAutor |
|
| 245 | 1 | 0 |
_aDobór kandydatów do szkół wyższych : _banaliza czynników społecznych i pedagogicznych / _cTadeusz Krajewski. |
| 260 |
_aWarszawa : _bPaństwowe Wydawnictwo Naukowe, _c1969. |
||
| 300 |
_a244 strony : _bilustracje ; _c23 cm. |
||
| 336 |
_aTekst _btxt _2rdacontent |
||
| 337 |
_aBez urządzenia pośredniczącego _bn _2rdamedia |
||
| 338 |
_aWolumin _bnc _2rdacarrier |
||
| 380 | _aKsiążki. | ||
| 504 | _aBibliografia na stronach 232-[237]. | ||
| 546 | _aStreszczenie w języku rosyjskim. | ||
| 650 | 4 | _aSzkoły średnie | |
| 658 | _aEdukacja i pedagogika | ||
| 650 | 4 | _aSocjologia | |
| 650 | 4 | _aSzkolnictwo wyższe | |
| 650 | 4 | _aEgzaminy do szkół wyższych | |
| 650 | 4 | _aNauczanie | |
| 710 | 2 |
_aPaństwowe Wydawnictwo Naukowe _4pbl. |
|
| 856 |
_uhttp://koha.tu.koszalin.pl/cgi-bin/koha/opac-detail.pl?biblionumber=13314 _yKatalog online BPK |
||
| 942 |
_2UKD _cKS |
||
| 999 |
_c13314 _d13314 |
||